Loading...
| History - World | 0 | 6 | 0 | 0 | 60 | 71 | 92.17 | 0 | 2 | 0.00 | 0.00 |
| Social Science | 0 | 4 | 0 | 1 | 40 | 76 | 95.00 | 0 | 0 | 0.00 | 0.00 |
| History - Other | 0 | 4 | 0 | 1 | 40 | 89 | 106.75 | 0 | 0 | 0.00 | 0.00 |
| Mythology | 0 | 4 | 0 | 0 | 40 | 95 | 105.50 | 0 | 1 | 0.00 | 0.00 |
| Fine Arts - Classical Music | 0 | 3 | 0 | 0 | 30 | 107 | 111.67 | 0 | 0 | 0.00 | 0.00 |
| Fine Arts - Other | 0 | 2 | 0 | 1 | 20 | 130 | 132.00 | 0 | 0 | 0.00 | 0.00 |
| History - European | 0 | 2 | 0 | 1 | 20 | 92 | 103.00 | 0 | 0 | 0.00 | 0.00 |
| Religion | 0 | 2 | 1 | 0 | 15 | 77 | 101.00 | 0 | 1 | 0.00 | 0.00 |
| History - American | 0 | 1 | 0 | 0 | 10 | 63 | 63.00 | 0 | 0 | 0.00 | 0.00 |
| Current Events | 0 | 1 | 0 | 0 | 10 | 47 | 47.00 | 0 | 1 | 0.00 | 0.00 |
| Philosophy | 0 | 1 | 0 | 0 | 10 | 98 | 98.00 | 0 | 0 | 0.00 | 0.00 |
| Fine Arts - Painting and Sculpture | 0 | 1 | 0 | 0 | 10 | 106 | 106.00 | 0 | 0 | 0.00 | 0.00 |
| Literature - British | 0 | 0 | 0 | 0 | 0 | 0.00 | 0 | 0 | 0.00 | 0.00 |